5HLuxD.jpg

KING HENRY VIII SENIOR AND PRIMARY SCHOOL LIBRARY OPAC

Happy Bethday! / (Record no. 3915)

000 -LEADER
fixed length control field 02137cam a22005535i 4500
001 - CONTROL NUMBER
control field 23896372
003 - CONTROL NUMBER IDENTIFIER
control field OSt
005 - DATE AND TIME OF LATEST TRANSACTION
control field 20241119154955.0
008 - FIXED-LENGTH DATA ELEMENTS--GENERAL INFORMATION
fixed length control field 241018t20162016enka j 000 1 eng d
010 ## - LIBRARY OF CONGRESS CONTROL NUMBER
LC control number 2024404714
015 ## - NATIONAL BIBLIOGRAPHY NUMBER
National bibliography number GBB690640
Source bnb
020 ## - INTERNATIONAL STANDARD BOOK NUMBER
International Standard Book Number 9781408337783
Qualifying information (paperback)
035 ## - SYSTEM CONTROL NUMBER
System control number (OCoLC)ocn972513913
040 ## - CATALOGING SOURCE
Original cataloging agency NZALP
Language of cataloging eng
Description conventions rda
Transcribing agency NZALP
Modifying agency OCLCO
-- OCLCF
-- T7B
-- UKMGB
-- NZLEP
-- OCLCO
-- OCLCQ
-- OCLCO
-- OV4
-- NZBAL
-- OCLCQ
-- IHX
-- OCLCA
-- UNITY
-- OCLCO
-- OCLCA
-- OCLCQ
-- OCLCL
-- OCLCA
-- OCLCQ
-- OCLCO
-- UKNYK
-- DLC
-- KH8
042 ## - AUTHENTICATION CODE
Authentication code lccopycat
082 04 - DEWEY DECIMAL CLASSIFICATION NUMBER
Classification number FIC PAC
110 2# - MAIN ENTRY--CORPORATE NAME
Corporate name or jurisdiction name as entry element Knife & Packer (Writing team),
Relator term author,
-- illustrator.
245 10 - TITLE STATEMENT
Title Happy Bethday! /
Statement of responsibility, etc. by Knife & Packer.
264 #1 - PRODUCTION, PUBLICATION, DISTRIBUTION, MANUFACTURE, AND COPYRIGHT NOTICE
Place of production, publication, distribution, manufacture London :
Name of producer, publisher, distributor, manufacturer Orchard,
Date of production, publication, distribution, manufacture, or copyright notice 2016.
264 #4 - PRODUCTION, PUBLICATION, DISTRIBUTION, MANUFACTURE, AND COPYRIGHT NOTICE
Date of production, publication, distribution, manufacture, or copyright notice ©2016
300 ## - PHYSICAL DESCRIPTION
Extent 222 pages :
Other physical details illustrations ;
Dimensions 18 cm.
336 ## - CONTENT TYPE
Content type term text
Content type code txt
Source rdacontent
336 ## - CONTENT TYPE
Content type term still image
Content type code sti
Source rdacontent
337 ## - MEDIA TYPE
Media type term unmediated
Media type code n
Source rdamedia
338 ## - CARRIER TYPE
Carrier type term volume
Carrier type code nc
Source rdacarrier
490 1# - SERIES STATEMENT
Series statement Badly drawn Beth ;
Volume/sequential designation 3
520 ## - SUMMARY, ETC.
Summary, etc. So I'm being chased through the park by a pack of angry zombies, I've got cake mix on my face and MY MOST EMBARRASSING PHOTO EVER IS IN THE SCHOOL MAGAZINE! Beth Orsen is back for her third hilarious adventure.
521 ## - TARGET AUDIENCE NOTE
Target audience note 8+.
650 #0 - SUBJECT ADDED ENTRY--TOPICAL TERM
Topical term or geographic name entry element Birthday parties
Form subdivision Juvenile fiction.
650 #0 - SUBJECT ADDED ENTRY--TOPICAL TERM
Topical term or geographic name entry element Schools
Form subdivision Juvenile fiction.
650 #0 - SUBJECT ADDED ENTRY--TOPICAL TERM
Topical term or geographic name entry element Families
Form subdivision Juvenile fiction.
650 #0 - SUBJECT ADDED ENTRY--TOPICAL TERM
Topical term or geographic name entry element Friendship
Form subdivision Juvenile fiction.
650 #7 - SUBJECT ADDED ENTRY--TOPICAL TERM
Topical term or geographic name entry element Birthday parties
Source of heading or term fast
650 #7 - SUBJECT ADDED ENTRY--TOPICAL TERM
Topical term or geographic name entry element Families
Source of heading or term fast
650 #7 - SUBJECT ADDED ENTRY--TOPICAL TERM
Topical term or geographic name entry element Friendship
Source of heading or term fast
650 #7 - SUBJECT ADDED ENTRY--TOPICAL TERM
Topical term or geographic name entry element Schools
Source of heading or term fast
655 #0 - INDEX TERM--GENRE/FORM
Genre/form data or focus term Children's stories.
655 #7 - INDEX TERM--GENRE/FORM
Genre/form data or focus term Fiction 7+.
Source of term eflch
655 #7 - INDEX TERM--GENRE/FORM
Genre/form data or focus term General.
Source of term eflch
655 #7 - INDEX TERM--GENRE/FORM
Genre/form data or focus term Fiction
Source of term fast
655 #7 - INDEX TERM--GENRE/FORM
Genre/form data or focus term Humorous fiction
Source of term fast
655 #7 - INDEX TERM--GENRE/FORM
Genre/form data or focus term Juvenile works
Source of term fast
655 #7 - INDEX TERM--GENRE/FORM
Genre/form data or focus term Humorous fiction.
Source of term lcgft
655 #7 - INDEX TERM--GENRE/FORM
Genre/form data or focus term Fiction 7+.
Source of term ukslc
655 #7 - INDEX TERM--GENRE/FORM
Genre/form data or focus term General.
Source of term ukslc
758 ## - RESOURCE IDENTIFIER
Relationship information has work:
Label Happy Bethday! (Text)
Real World Object URI https://id.oclc.org/worldcat/entity/E39PCGkxtmpxcvJH9jqfm4Qdcd
Relationship https://id.oclc.org/worldcat/ontology/hasWork
810 2# - SERIES ADDED ENTRY--CORPORATE NAME
Corporate name or jurisdiction name as entry element Knife & Packer (Writing team).
Title of a work Badly drawn Beth ;
Volume/sequential designation 3.
942 ## - ADDED ENTRY ELEMENTS (KOHA)
Source of classification or shelving scheme
Koha item type Books - Fiction
Holdings
Withdrawn status Lost status Source of classification or shelving scheme Damaged status Not for loan Collection code Permanent Location Current Location Shelving location Date acquired Total Checkouts Full call number Barcode Date last seen Date last checked out Price effective from Koha item type
          Fiction KH8 Primary School Library KH8 Primary School Library Fiction 2024-11-19 7 FIC PAC KHPL000004615 2025-12-05 2025-11-26 2024-11-19 Books - Fiction

Powered By KH8 IT Dept